[Event "2nd She Plays to Win"]
[Site "Edinburgh"]
[Date "2023.02.15"]
[Round "1.1"]
[White "Arakhamia-Grant, Ketevan"]
[Black "Steil-Antoni, Fiona"]
[Result "1-0"]
[WhiteElo "2320"]
[BlackElo "2195"]
[PlyCount "105"]
[EventDate "2023.02.15"]
[EventType "tourn"]
[EventRounds "9"]
[EventCountry "SCO"]
[SourceTitle "BritBase"]
[Source "John Saunders"]
[SourceDate "2023.02.21"]
[SourceVersion "1"]
[SourceVersionDate "2023.02.21"]
[SourceQuality "1"]

1. e4 e5 2. Nf3 Nc6 3. Bc4 Bc5 4. c3 Nf6 5. d4 exd4 6. e5 d5 7. Bb5 Ne4 8. cxd4
Bb4+ 9. Bd2 Bxd2+ 10. Nbxd2 Nxd2 11. Qxd2 Bd7 12. O-O O-O 13. Bd3 Ne7 14. Rac1
c6 15. Rfe1 Bf5 16. Bxf5 Nxf5 17. Qf4 Ne7 18. h4 Qd7 19. h5 Qf5 20. Qh4 Rae8
21. Re3 h6 22. Ra3 Nc8 23. Ne1 Qg5 24. Qxg5 hxg5 25. Nd3 f6 26. f3 Kh7 27. Kf2
Re7 28. Re1 Rfe8 29. g4 a6 30. Rb3 fxe5 31. Rxe5 Rxe5 32. Nxe5 Nd6 33. a4 Re7
34. Re3 b6 35. Rb3 b5 36. Nxc6 Rc7 37. Ne5 bxa4 38. Rb8 Rc2+ 39. Ke1 Rc8 40.
Rxc8 Nxc8 41. Kd2 Nd6 42. Kd3 a5 43. Nc6 Nc4 44. Kc3 Kh6 45. Ne5 Nd6 46. Nc6
Nc4 47. Ne7 Ne3 48. Kd3 Nc4 49. Nxd5 Nxb2+ 50. Kc3 Nd1+ 51. Kc2 Nf2 52. Nc3 a3
53. d5 1-0

[Event "2nd She Plays to Win"]
[Site "Edinburgh"]
[Date "2023.02.15"]
[Round "1.2"]
[White "Varney, Zoe"]
[Black "Henderson De La Fuente, Andrea"]
[Result "1-0"]
[WhiteElo "1937"]
[BlackElo "1989"]
[PlyCount "55"]
[EventDate "2023.02.15"]
[EventType "tourn"]
[EventRounds "9"]
[EventCountry "SCO"]
[SourceTitle "BritBase"]
[Source "John Saunders"]
[SourceDate "2023.02.21"]
[SourceVersion "1"]
[SourceVersionDate "2023.02.21"]
[SourceQuality "1"]

1. e4 d6 2. d4 Nf6 3. Nc3 e5 4. Nf3 Nbd7 5. Rg1 c6 6. g4 h6 7. h4 exd4 8. Nxd4
Nc5 9. Qe2 Qe7 10. f3 Qe5 11. Be3 g5 12. O-O-O Be7 13. Qd2 d5 14. Nb3 Ne6 15.
exd5 Nxd5 16. Nxd5 cxd5 17. Bb5+ Kf8 18. Rge1 Bf6 19. Bd4 Nxd4 20. Rxe5 Nxb3+
21. axb3 Bxe5 22. hxg5 hxg5 23. Qxg5 f6 24. Qd2 Be6 25. Qb4+ Kf7 26. f4 a5 27.
Qd2 Bxg4 28. Rg1 1-0

[Event "2nd She Plays to Win"]
[Site "Edinburgh"]
[Date "2023.02.15"]
[Round "1.3"]
[White "Head, Louise"]
[Black "Cooke, Suzie G"]
[Result "1-0"]
[WhiteElo "2020"]
[BlackElo "1941"]
[PlyCount "69"]
[EventDate "2023.02.15"]
[EventType "tourn"]
[EventRounds "9"]
[EventCountry "SCO"]
[SourceTitle "BritBase"]
[Source "John Saunders"]
[SourceDate "2023.02.21"]
[SourceVersion "1"]
[SourceVersionDate "2023.02.21"]
[SourceQuality "1"]

1. d4 d5 2. c4 e6 3. Nf3 c5 4. cxd5 exd5 5. g3 Nc6 6. Bg2 Nf6 7. O-O Be7 8.
dxc5 Bxc5 9. a3 O-O 10. b4 Bb6 11. Nc3 Re8 12. Bg5 d4 13. Na4 Bg4 14. Nxb6 axb6
15. b5 Bxf3 16. Bxf3 Na5 17. Qd3 h6 18. Bf4 Rc8 19. Rac1 Qd7 20. Rxc8 Rxc8 21.
Be5 Rc3 22. Qxd4 Qxd4 23. Bxd4 Rxa3 24. e3 Rb3 25. Be2 Nd5 26. Rc1 f6 27. e4
Rb4 28. Rd1 Nb3 29. Bb2 Ne7 30. Ba3 Rxe4 31. Bf3 Re5 32. Bxe7 Rxb5 33. Bd5+ Kh7
34. Bc4 Re5 35. Bd6 1-0

[Event "2nd She Plays to Win"]
[Site "Edinburgh"]
[Date "2023.02.15"]
[Round "1.4"]
[White "Hryshchenko, Kamila"]
[Black "Rojickova, Monika"]
[Result "1-0"]
[WhiteElo "2147"]
[BlackElo "2101"]
[PlyCount "59"]
[EventDate "2023.02.15"]
[EventType "tourn"]
[EventRounds "9"]
[EventCountry "SCO"]
[SourceTitle "BritBase"]
[Source "John Saunders"]
[SourceDate "2023.02.21"]
[SourceVersion "1"]
[SourceVersionDate "2023.02.21"]
[SourceQuality "1"]

1. e4 c5 2. d3 Nc6 3. Be2 d5 4. f4 g6 5. Nf3 Nf6 6. e5 Nh5 7. c3 Bh6 8. g3 Bh3
9. Kf2 Ng7 10. Na3 f6 11. d4 Ne6 12. Qb3 Qd7 13. Be3 fxe5 14. Nxe5 Nxe5 15.
dxe5 O-O-O 16. Rhd1 g5 17. Bf3 gxf4 18. gxf4 Bxf4 19. Rxd5 Qc7 20. Rad1 Bxe3+
21. Kxe3 Rdf8 22. Qa4 Nf4 23. Qxa7 Nxd5+ 24. Rxd5 Rxf3+ 25. Kxf3 Qc6 26. Qxc5
Rg8 27. Qxc6+ bxc6 28. Rd4 h5 29. Nc4 Rg1 30. a4 1-0

[Event "2nd She Plays to Win"]
[Site "Edinburgh"]
[Date "2023.02.15"]
[Round "1.5"]
[White "Sucikova, Svetlana"]
[Black "Keetman, Maaike"]
[Result "1-0"]
[WhiteElo "2205"]
[BlackElo "2164"]
[PlyCount "97"]
[EventDate "2023.02.15"]
[EventType "tourn"]
[EventRounds "9"]
[EventCountry "SCO"]
[SourceTitle "BritBase"]
[Source "John Saunders"]
[SourceDate "2023.02.21"]
[SourceVersion "1"]
[SourceVersionDate "2023.02.21"]
[SourceQuality "1"]

1. c4 e5 2. g3 Nf6 3. Bg2 d5 4. cxd5 Nxd5 5. Nf3 Nc6 6. O-O Be7 7. d4 e4 8. Ne5
f5 9. Qa4 Nb6 10. Nxc6 Nxa4 11. Nxd8 Bxd8 12. b3 Nb6 13. Ba3 Bf6 14. e3 Nd5 15.
Rc1 b6 16. Bf1 c5 17. Bc4 Nc7 18. Nc3 Be6 19. dxc5 Bxc4 20. bxc4 Ne6 21. Rab1
bxc5 22. Na4 Rc8 23. Rb5 O-O 24. Bxc5 Rf7 25. Bb4 Rfc7 26. c5 Be7 27. a3 g6 28.
Ra5 Kf7 29. Rd1 Rb7 30. Rd5 Bd8 31. Ra6 Nc7 32. Rd7+ Ke8 33. Rad6 Be7 34. c6
Rxb4 35. Rxe7+ Kxe7 36. Rd7+ Kf6 37. axb4 h6 38. Nc3 Ke6 39. b5 g5 40. Kf1 h5
41. Rh7 Kd6 42. Rxh5 Ne6 43. Rh7 a6 44. Rd7+ Kc5 45. bxa6 Kxc6 46. Rf7 Rf8 47.
a7 Ra8 48. Rf6 Kd6 49. Rxf5 1-0

[Event "2nd She Plays to Win"]
[Site "Edinburgh"]
[Date "2023.02.15"]
[Round "2.2"]
[White "Rojickova, Monika"]
[Black "Sucikova, Svetlana"]
[Result "0-1"]
[WhiteElo "2101"]
[BlackElo "2205"]
[PlyCount "120"]
[EventDate "2023.02.15"]
[EventType "tourn"]
[EventRounds "9"]
[EventCountry "SCO"]
[SourceTitle "BritBase"]
[Source "John Saunders"]
[SourceDate "2023.02.21"]
[SourceVersion "1"]
[SourceVersionDate "2023.02.21"]
[SourceQuality "1"]

1. e4 c5 2. c3 d5 3. exd5 Qxd5 4. d4 Nf6 5. Nf3 Nc6 6. Be3 cxd4 7. cxd4 Bg4 8.
Be2 e6 9. Nc3 Qa5 10. O-O Be7 11. a3 O-O 12. Qb3 Qc7 13. h3 Bf5 14. d5 Na5 15.
Qa2 exd5 16. Nxd5 Nxd5 17. Qxd5 Be6 18. Qh5 Nb3 19. Rad1 Qa5 20. Qxa5 Nxa5 21.
Ng5 Bc4 22. Rfe1 Rfe8 23. Bf3 h6 24. Ne4 Bb3 25. Rd7 Be6 26. Rc7 Bd8 27. Rc3
Nc4 28. Rxc4 Bxc4 29. Nd6 Rxe3 30. Rxe3 Be6 31. Nxb7 Bb6 32. Rd3 Rc8 33. Rd2
Rc1+ 34. Kh2 Rf1 35. Kg3 f5 36. Bc6 g5 37. Bb5 f4+ 38. Kf3 Re1 39. Nd6 Kf8 40.
Bc4 Bd7 41. h4 Re5 42. hxg5 hxg5 43. Nf7 Bc6+ 44. Kg4 Re4 45. Nd6 f3+ 46. Nxe4
fxg2 47. Rd1 Bxe4 48. Kg3 Bc7+ 49. Kh3 Bf3 50. Re1 g4+ 51. Kh4 Bh2 52. Be6 g1=Q
53. Rxg1 Bxg1 54. Kg3 Ke7 55. Bc8 Kd6 56. Bf5 Ke5 57. Bb1 Kd4 58. Bc2 Kc4 59.
Ba4 Kd3 60. Bd7 Ke2 0-1

[Event "2nd She Plays to Win"]
[Site "Edinburgh"]
[Date "2023.02.15"]
[Round "2.3"]
[White "Cooke, Suzie G"]
[Black "Hryshchenko, Kamila"]
[Result "0-1"]
[WhiteElo "1941"]
[BlackElo "2147"]
[PlyCount "78"]
[EventDate "2023.02.15"]
[EventType "tourn"]
[EventRounds "9"]
[EventCountry "SCO"]
[SourceTitle "BritBase"]
[Source "John Saunders"]
[SourceDate "2023.02.21"]
[SourceVersion "1"]
[SourceVersionDate "2023.02.21"]
[SourceQuality "1"]

1. d4 d6 2. Bf4 g6 3. Nc3 Bg7 4. e4 Nd7 5. Nf3 c5 6. d5 Ngf6 7. h3 Qa5 8. Bd2
O-O 9. Bd3 Rb8 10. a4 a6 11. O-O Qc7 12. Qe2 Ne5 13. Nxe5 dxe5 14. g4 Ne8 15.
Nd1 Nd6 16. c4 b6 17. f4 Bd7 18. Nc3 b5 19. axb5 axb5 20. Nxb5 Bxb5 21. cxb5 c4
22. Bc2 Nxb5 23. Ra4 Nd4 24. Qxc4 Qxc4 25. Rxc4 Rxb2 26. fxe5 Nxc2 27. Bc1 Ra2
28. Rf2 Na3 29. Rc7 Ra1 30. Rf1 Bxe5 31. Rxe7 Nc4 32. Bh6 Rxf1+ 33. Kxf1 Rb8
34. Ke2 Bf6 35. Rc7 Nd6 36. Kd3 Be5 37. Re7 Re8 38. Rxe5 Rxe5 39. Bf4 f6 0-1

[Event "2nd She Plays to Win"]
[Site "Edinburgh"]
[Date "2023.02.15"]
[Round "2.4"]
[White "Henderson De La Fuente, Andrea"]
[Black "Head, Louise"]
[Result "1-0"]
[WhiteElo "1989"]
[BlackElo "2020"]
[PlyCount "82"]
[EventDate "2023.02.15"]
[EventType "tourn"]
[EventRounds "9"]
[EventCountry "SCO"]
[SourceTitle "BritBase"]
[Source "John Saunders"]
[SourceDate "2023.02.21"]
[SourceVersion "1"]
[SourceVersionDate "2023.02.21"]
[SourceQuality "1"]

1. e4 c6 2. Ne2 d5 3. e5 c5 4. d4 Nc6 5. c3 Bf5 6. dxc5 Nxe5 7. Nd4 Bd7 8. b4
e6 9. Be2 Nf6 10. O-O Be7 11. f4 Nc6 12. Be3 Ne4 13. Qc2 O-O 14. Nd2 Nxd2 15.
Qxd2 Bf6 16. a4 Qe7 17. Nxc6 bxc6 18. b5 Rfe8 19. Bd3 e5 20. fxe5 Bxe5 21. Bd4
Rab8 22. Rab1 Bg4 23. Bxe5 Qxe5 24. Rbe1 Qc7 25. Qf4 Qxf4 26. Rxe8+ Rxe8 27.
Rxf4 Bd7 28. Kf2 Kf8 29. c4 dxc4 30. Bxc4 Re7 31. Rd4 Ke8 32. Rd6 cxb5 33. axb5
Bc8 34. b6 f6 35. Rc6 Bb7 36. Rd6 axb6 37. Rxb6 Rc7 38. Bb5+ Ke7 39. g3 Bd5 40.
Ke3 Rb7 41. Ba6 Rc7 1-0

[Event "2nd She Plays to Win"]
[Site "Edinburgh"]
[Date "2023.02.15"]
[Round "2.5"]
[White "Arakhamia-Grant, Ketevan"]
[Black "Varney, Zoe"]
[Result "1/2-1/2"]
[WhiteElo "2320"]
[BlackElo "1937"]
[PlyCount "46"]
[EventDate "2023.02.15"]
[EventType "tourn"]
[EventRounds "9"]
[EventCountry "SCO"]
[SourceTitle "BritBase"]
[Source "John Saunders"]
[SourceDate "2023.02.21"]
[SourceVersion "1"]
[SourceVersionDate "2023.02.21"]
[SourceQuality "1"]

1. e4 e5 2. Nf3 Nc6 3. Bb5 a6 4. Ba4 Nf6 5. d4 exd4 6. O-O Be7 7. e5 Ne4 8.
Nxd4 Nxd4 9. Qxd4 Nc5 10. Bb3 Nxb3 11. cxb3 O-O 12. Bf4 c6 13. Nc3 f6 14. Rad1
fxe5 15. Bxe5 Rf7 16. b4 d5 17. Na4 Bf6 18. Rfe1 Bf5 19. Nb6 Bxe5 20. Rxe5 Rb8
21. Rde1 Qf6 22. f3 Rbf8 23. Na4 Qg6 1/2-1/2

[Event "2nd She Plays to Win"]
[Site "Edinburgh"]
[Date "2023.02.16"]
[Round "3.1"]
[White "Varney, Zoe"]
[Black "Steil-Antoni, Fiona"]
[Result "0-1"]
[WhiteElo "1937"]
[BlackElo "2195"]
[PlyCount "96"]
[EventDate "2023.02.15"]
[EventType "tourn"]
[EventRounds "9"]
[EventCountry "SCO"]
[SourceTitle "BritBase"]
[Source "John Saunders"]
[SourceDate "2023.02.21"]
[SourceVersion "1"]
[SourceVersionDate "2023.02.21"]
[SourceQuality "1"]

1. d4 f5 2. Nc3 Nf6 3. Bg5 g6 4. h4 d5 5. h5 Nxh5 6. Rxh5 gxh5 7. e3 Be6 8.
Qxh5+ Bf7 9. Qh3 Qd7 10. Bd3 e6 11. Bf6 Rg8 12. Nf3 Nc6 13. Bb5 Bg6 14. Ne5 Qd6
15. O-O-O a6 16. Ba4 Rb8 17. Ne2 b5 18. Bb3 Nxe5 19. dxe5 Qd7 20. Nf4 c6 21. c4
bxc4 22. Bxc4 a5 23. Bb3 Rb4 24. Nd3 Rb8 25. Nf4 Qb7 26. Rd2 Bb4 27. Rc2 Qb5
28. g3 Bf7 29. e4 a4 30. Bxd5 cxd5 31. exd5 exd5 32. e6 Bg6 33. Be5 Rd8 34. Rc7
Bd6 35. Bxd6 Rxd6 36. Rc8+ Rd8 37. Rc7 Qb6 38. Rc2 Qb7 39. Qh4 Rc8 40. Qf6
Rxc2+ 41. Kxc2 Rg7 42. Qd4 Qc6+ 43. Kb1 Rc7 44. Qh8+ Ke7 45. Qg7+ Kd6 46. Qf8+
Ke5 47. Qh8+ Ke4 48. f3+ Kxf3 0-1

[Event "2nd She Plays to Win"]
[Site "Edinburgh"]
[Date "2023.02.16"]
[Round "3.2"]
[White "Head, Louise"]
[Black "Arakhamia-Grant, Ketevan"]
[Result "1/2-1/2"]
[WhiteElo "2020"]
[BlackElo "2320"]
[PlyCount "131"]
[EventDate "2023.02.15"]
[EventType "tourn"]
[EventRounds "9"]
[EventCountry "SCO"]
[SourceTitle "BritBase"]
[Source "John Saunders"]
[SourceDate "2023.02.21"]
[SourceVersion "1"]
[SourceVersionDate "2023.02.21"]
[SourceQuality "1"]

1. d4 Nf6 2. c4 c5 3. d5 b5 4. cxb5 a6 5. b6 g6 6. Nc3 Bg7 7. Nf3 O-O 8. e4 d6
9. Be2 Nbd7 10. O-O Nxb6 11. a4 a5 12. Nd2 e6 13. dxe6 Bxe6 14. Bf3 Rb8 15. Nb5
Qd7 16. Nb1 Nxa4 17. Qxa4 Rxb5 18. Nc3 Rb4 19. Qxa5 Qe7 20. Ra4 Rfb8 21. Rxb4
cxb4 22. Nd1 Nd7 23. Ne3 Ne5 24. Be2 Qb7 25. Rd1 Ra8 26. Qb5 Qxe4 27. Bd2 b3
28. Bc3 h5 29. h3 Kh7 30. Rxd6 Ra1+ 31. Rd1 Rxd1+ 32. Bxd1 Nc4 33. Nf1 Nd6 34.
Qc5 Bxc3 35. Qxc3 Nb5 36. Qc5 Nd4 37. Qc3 Bd5 38. Ne3 Be6 39. f3 Qf4 40. Kf2 h4
41. Nf1 Qd6 42. Nd2 Qb6 43. Qe3 Bd5 44. Bxb3 Bxb3 45. Nxb3 Qxb3 46. Qxd4 Qc2+
47. Kf1 Qc1+ 48. Ke2 Qc2+ 49. Kf1 Qc1+ 50. Kf2 Qc2+ 51. Kg1 Qc1+ 52. Kh2 Qc7+
53. Kg1 Qc1+ 54. Kf2 Qc2+ 55. Kf1 Qc1+ 56. Ke2 Qc2+ 57. Qd2 Qc4+ 58. Kd1 Qf1+
59. Kc2 Qc4+ 60. Kb1 Qf1+ 61. Ka2 Qa6+ 62. Kb3 Qe6+ 63. Ka4 Qc6+ 64. Ka3 Qa6+
65. Kb3 Qe6+ 66. Kc2 1/2-1/2

[Event "2nd She Plays to Win"]
[Site "Edinburgh"]
[Date "2023.02.16"]
[Round "3.3"]
[White "Hryshchenko, Kamila"]
[Black "Henderson De La Fuente, Andrea"]
[Result "1-0"]
[WhiteElo "2147"]
[BlackElo "1989"]
[PlyCount "99"]
[EventDate "2023.02.15"]
[EventType "tourn"]
[EventRounds "9"]
[EventCountry "SCO"]
[SourceTitle "BritBase"]
[Source "John Saunders"]
[SourceDate "2023.02.21"]
[SourceVersion "1"]
[SourceVersionDate "2023.02.21"]
[SourceQuality "1"]

1. d4 c6 2. e4 d5 3. e5 Bf5 4. Be3 Qb6 5. Qc1 e6 6. Nd2 h6 7. Ngf3 Ne7 8. c4
Bh7 9. Be2 Qc7 10. c5 Nf5 11. O-O Be7 12. Qc3 Nd7 13. Bd3 b6 14. cxb6 axb6 15.
Bb5 c5 16. Rfe1 O-O 17. Nb3 Rfc8 18. a3 c4 19. Nc1 Nb8 20. Na2 Ra5 21. a4 Nc6
22. b4 Ra7 23. Bd2 Rca8 24. Qb2 Nd8 25. Nc3 Bg6 26. h3 Nb7 27. Ne2 Rc8 28. Rec1
Nh4 29. Ne1 Be4 30. Ra3 Bh7 31. f4 Be4 32. g3 Nf5 33. g4 Nh4 34. Ng3 Bh7 35.
Ng2 Qd8 36. Ne1 f5 37. Qc3 fxg4 38. hxg4 Qf8 39. Bd7 Rca8 40. Bxe6+ Kh8 41.
Bxd5 Rxa4 42. Rxa4 Rxa4 43. Qxc4 Bxb4 44. Bxb4 Rxb4 45. Qc8 Nd8 46. Rc7 Rb1 47.
Rd7 Rxe1+ 48. Kh2 Rh1+ 49. Kxh1 Be4+ 50. Bxe4 1-0

[Event "2nd She Plays to Win"]
[Site "Edinburgh"]
[Date "2023.02.16"]
[Round "3.4"]
[White "Sucikova, Svetlana"]
[Black "Cooke, Suzie G"]
[Result "1-0"]
[WhiteElo "2205"]
[BlackElo "1941"]
[PlyCount "91"]
[EventDate "2023.02.15"]
[EventType "tourn"]
[EventRounds "9"]
[EventCountry "SCO"]
[SourceTitle "BritBase"]
[Source "John Saunders"]
[SourceDate "2023.02.21"]
[SourceVersion "1"]
[SourceVersionDate "2023.02.21"]
[SourceQuality "1"]

1. d4 d5 2. c4 e6 3. Nf3 c5 4. cxd5 exd5 5. g3 Nc6 6. Bg2 Nf6 7. O-O Be7 8. Nc3
O-O 9. Bg5 c4 10. Ne5 Be6 11. Nxc6 bxc6 12. b3 Qa5 13. Qc2 cxb3 14. axb3 Qb6
15. e3 a5 16. Rfb1 Rfe8 17. Rb2 g6 18. Na4 Qb7 19. Nc5 Bxc5 20. dxc5 Ne4 21.
Bh6 f5 22. f3 Nf6 23. Qc3 Nh5 24. Ra4 Qe7 25. Rba2 g5 26. Rxa5 Rxa5 27. Rxa5
Kf7 28. f4 g4 29. Bg5 Qb7 30. b4 Bc8 31. Qd4 Qc7 32. Kf2 Be6 33. Bf1 Rb8 34.
Be2 Kg6 35. Ra6 Bc8 36. Rb6 Rxb6 37. cxb6 Qd6 38. Qh8 Qe6 39. Qd8 Bb7 40. Qc7
d4 41. Qxb7 Qxe3+ 42. Kf1 Qc1+ 43. Kg2 d3 44. Qe7 Qd2 45. Qe6+ Kg7 46. Bh6+ 1-0

[Event "2nd She Plays to Win"]
[Site "Edinburgh"]
[Date "2023.02.16"]
[Round "3.5"]
[White "Keetman, Maaike"]
[Black "Rojickova, Monika"]
[Result "1-0"]
[WhiteElo "2164"]
[BlackElo "2101"]
[PlyCount "59"]
[EventDate "2023.02.15"]
[EventType "tourn"]
[EventRounds "9"]
[EventCountry "SCO"]
[SourceTitle "BritBase"]
[Source "John Saunders"]
[SourceDate "2023.02.21"]
[SourceVersion "1"]
[SourceVersionDate "2023.02.21"]
[SourceQuality "1"]

1. e4 e5 2. Nf3 Nc6 3. Bb5 a6 4. Ba4 Nf6 5. O-O Be7 6. d3 b5 7. Bb3 d6 8. a4 b4
9. a5 O-O 10. c3 Rb8 11. Nbd2 h6 12. Nc4 Be6 13. d4 exd4 14. cxd4 d5 15. Nce5
Na7 16. exd5 Bxd5 17. Nh4 Qc8 18. Qd3 Qe6 19. Bxd5 Nxd5 20. Nf5 Rb5 21. Re1 Bg5
22. h4 Ne7 23. Nxg7 Kxg7 24. hxg5 hxg5 25. Bxg5 Nf5 26. Ng4 Qg6 27. Bf6+ Kh7
28. Re4 Nd6 29. Ne5 Rxe5 30. Rh4+ 1-0

[Event "2nd She Plays to Win"]
[Site "Edinburgh"]
[Date "2023.02.16"]
[Round "4.1"]
[White "Steil-Antoni, Fiona"]
[Black "Rojickova, Monika"]
[Result "1/2-1/2"]
[WhiteElo "2195"]
[BlackElo "2101"]
[PlyCount "24"]
[EventDate "2023.02.15"]
[EventType "tourn"]
[EventRounds "9"]
[EventCountry "SCO"]
[SourceTitle "BritBase"]
[Source "John Saunders"]
[SourceDate "2023.02.21"]
[SourceVersion "1"]
[SourceVersionDate "2023.02.21"]
[SourceQuality "1"]

1. e4 c5 2. Nc3 e6 3. f4 d5 4. Bb5+ Bd7 5. Qe2 d4 6. Bxd7+ Qxd7 7. Nd1 Nc6 8.
d3 Bd6 9. Nf3 Nge7 10. O-O f5 11. e5 Bc7 12. c4 dxc3 1/2-1/2

[Event "2nd She Plays to Win"]
[Site "Edinburgh"]
[Date "2023.02.16"]
[Round "4.2"]
[White "Cooke, Suzie G"]
[Black "Keetman, Maaike"]
[Result "1/2-1/2"]
[WhiteElo "1941"]
[BlackElo "2164"]
[PlyCount "48"]
[EventDate "2023.02.15"]
[EventType "tourn"]
[EventRounds "9"]
[EventCountry "SCO"]
[SourceTitle "BritBase"]
[Source "John Saunders"]
[SourceDate "2023.02.21"]
[SourceVersion "1"]
[SourceVersionDate "2023.02.21"]
[SourceQuality "1"]

1. d4 Nf6 2. Bf4 d5 3. e3 e6 4. Bd3 c5 5. c3 Nc6 6. Nd2 Bd6 7. Bxd6 Qxd6 8. f4
Bd7 9. Qf3 O-O-O 10. Nh3 h6 11. O-O Kb8 12. a3 Nh7 13. b4 c4 14. Bc2 f5 15. Kh1
g5 16. Qf2 Nf6 17. Ng1 Ne7 18. Ndf3 gxf4 19. Ne5 fxe3 20. Qxe3 Rdf8 21. Ngf3
Be8 22. Rae1 Bh5 23. Qf4 Ka8 24. Ng6 Qxf4 1/2-1/2

[Event "2nd She Plays to Win"]
[Site "Edinburgh"]
[Date "2023.02.16"]
[Round "4.3"]
[White "Henderson De La Fuente, Andrea"]
[Black "Sucikova, Svetlana"]
[Result "0-1"]
[WhiteElo "1989"]
[BlackElo "2205"]
[PlyCount "78"]
[EventDate "2023.02.15"]
[EventType "tourn"]
[EventRounds "9"]
[EventCountry "SCO"]
[SourceTitle "BritBase"]
[Source "John Saunders"]
[SourceDate "2023.02.21"]
[SourceVersion "1"]
[SourceVersionDate "2023.02.21"]
[SourceQuality "1"]

1. e4 c5 2. Nc3 Nc6 3. g3 g6 4. Bg2 Bg7 5. d3 e6 6. Be3 Nd4 7. Qd2 Ne7 8. Nd1
e5 9. c3 Ne6 10. Bh6 Bf6 11. Nf3 d6 12. Ne3 Ng8 13. Nd5 Nxh6 14. Qxh6 Bg7 15.
Qe3 Bd7 16. a4 O-O 17. h4 f5 18. exf5 gxf5 19. Ng5 h6 20. Nxe6 Bxe6 21. f4 e4
22. c4 Bxb2 23. Rb1 Bd4 24. Qe2 Bxd5 25. cxd5 e3 26. g4 Qa5+ 27. Kf1 b6 28.
gxf5 Rf6 29. Be4 Kh8 30. Rd1 Rg8 31. Rg1 Rxg1+ 32. Kxg1 Qxa4 33. Kh1 Qe8 34.
Rg1 b5 35. Rg6 Rxg6 36. fxg6 Qe7 37. Qh5 Kg7 38. Kg2 b4 39. Kh3 b3 0-1

[Event "2nd She Plays to Win"]
[Site "Edinburgh"]
[Date "2023.02.16"]
[Round "4.4"]
[White "Arakhamia-Grant, Ketevan"]
[Black "Hryshchenko, Kamila"]
[Result "1-0"]
[WhiteElo "2320"]
[BlackElo "2147"]
[PlyCount "95"]
[EventDate "2023.02.15"]
[EventType "tourn"]
[EventRounds "9"]
[EventCountry "SCO"]
[SourceTitle "BritBase"]
[Source "John Saunders"]
[SourceDate "2023.02.21"]
[SourceVersion "1"]
[SourceVersionDate "2023.02.21"]
[SourceQuality "1"]

1. e4 d6 2. d4 g6 3. Nc3 Bg7 4. Be3 a6 5. Qd2 Nd7 6. f3 h6 7. Nh3 e6 8. Nf2 Ne7
9. h4 b5 10. a4 b4 11. Ncd1 a5 12. c3 bxc3 13. bxc3 Nb6 14. h5 g5 15. f4 gxf4
16. Bxf4 f5 17. exf5 e5 18. f6 Bxf6 19. Ne4 Bg7 20. dxe5 Bf5 21. Bb5+ Kf7 22.
exd6 Bxe4 23. dxe7 Qxe7 24. O-O Bf6 25. Nf2 Bf5 26. Rae1 Qc5 27. Be3 Qd5 28.
Qxd5+ Nxd5 29. Bc4 c6 30. Nd3 Bxd3 31. Bxd3 Nxe3 32. Rxe3 Rhf8 33. Rg3 Ke7 34.
Be4 Kd6 35. Rg6 Ke5 36. Bxc6 Rad8 37. c4 Bg5 38. Rxf8 Rxf8 39. Bf3 Rb8 40. Ra6
Bd2 41. Kf2 Kd4 42. Rd6+ Kc3 43. c5 Bf4 44. Rb6 Re8 45. Rb5 Kc4 46. c6 Bd2 47.
Be2+ Kd4 48. Rf5 1-0

[Event "2nd She Plays to Win"]
[Site "Edinburgh"]
[Date "2023.02.16"]
[Round "4.5"]
[White "Varney, Zoe"]
[Black "Head, Louise"]
[Result "1/2-1/2"]
[WhiteElo "1937"]
[BlackElo "2020"]
[PlyCount "87"]
[EventDate "2023.02.15"]
[EventType "tourn"]
[EventRounds "9"]
[EventCountry "SCO"]
[SourceTitle "BritBase"]
[Source "John Saunders"]
[SourceDate "2023.02.21"]
[SourceVersion "1"]
[SourceVersionDate "2023.02.21"]
[SourceQuality "1"]

1. e4 c6 2. d4 d5 3. Nc3 dxe4 4. Nxe4 Nf6 5. Nxf6+ exf6 6. c3 Bd6 7. Bd3 O-O 8.
Qc2 Re8+ 9. Ne2 h5 10. O-O h4 11. h3 f5 12. Bd2 g6 13. Rae1 Nd7 14. c4 Nf8 15.
Qc1 Be7 16. Bc3 Bg5 17. f4 Bh6 18. Kh1 Ne6 19. Rd1 Ng7 20. Be1 Nh5 21. Qd2 b6
22. Rf3 Bb7 23. Bf2 Bg7 24. Bb1 Rc8 25. Re3 Bf6 26. Rxe8+ Qxe8 27. Qe1 Qe7 28.
Rd3 Re8 29. Re3 Qd8 30. Rxe8+ Qxe8 31. Qd2 Qe6 32. b3 Qd6 33. Qe3 Kg7 34. Qf3
Bc8 35. Qe3 Be6 36. Bd3 Bd7 37. a4 Kg8 38. Be1 Ng7 39. b4 Ne6 40. Bc3 Bg7 41.
Qf2 Qe7 42. Qf3 Qd6 43. Qf2 Qe7 44. Qf3 1/2-1/2

[Event "2nd She Plays to Win"]
[Site "Edinburgh"]
[Date "2023.02.17"]
[Round "5.1"]
[White "Head, Louise"]
[Black "Steil-Antoni, Fiona"]
[Result "1-0"]
[WhiteElo "2020"]
[BlackElo "2195"]
[PlyCount "150"]
[EventDate "2023.02.15"]
[EventType "tourn"]
[EventRounds "9"]
[EventCountry "SCO"]
[SourceTitle "BritBase"]
[Source "John Saunders"]
[SourceDate "2023.02.21"]
[SourceVersion "1"]
[SourceVersionDate "2023.02.21"]
[SourceQuality "1"]

1. d4 d5 2. c4 e6 3. Nf3 c6 4. e3 f5 5. Bd3 Nf6 6. O-O Bd6 7. b3 Qe7 8. a4 O-O
9. Ba3 Bxa3 10. Nxa3 Ne4 11. Ne5 g5 12. f3 Nd6 13. Nc2 Nd7 14. Qe2 Nxe5 15.
dxe5 Nf7 16. f4 g4 17. a5 h5 18. b4 Kg7 19. Rfc1 Bd7 20. Nd4 Nd8 21. Qb2 a6 22.
cxd5 exd5 23. e6 Kg6 24. Nxf5 Rxf5 25. Bxf5+ Kxf5 26. exd7 Nf7 27. e4+ dxe4 28.
Rc5+ Kg6 29. Rd1 Rd8 30. Qd4 e3 31. f5+ Kh7 32. f6 Qe6 33. Qf4 e2 34. Re1 Rxd7
35. Rxh5+ Kg6 36. Rh4 Ne5 37. Rh6+ Kf7 38. Qg5 Qd5 39. Rh7+ Ke6 40. Qg8+ Kxf6
41. Qxd5 Rxd5 42. Rxe2 Rd1+ 43. Kf2 Nd3+ 44. Kg3 Nxb4 45. Rxb7 c5 46. Kxg4 Rd4+
47. Kg3 Rd3+ 48. Kf2 Ra3 49. Rb6+ Kf5 50. h3 Rxa5 51. Rb8 Nd3+ 52. Kg3 Ra3 53.
Rf8+ Kg6 54. Rf3 c4 55. Re4 Ra5 56. h4 Rc5 57. Rg4+ Kh7 58. Rxc4 Rxc4 59. Rxd3
a5 60. Rd6 a4 61. Ra6 Rb4 62. Kh3 Rc4 63. h5 Rc3+ 64. Kh4 a3 65. g4 Rb3 66.
Ra7+ Kg8 67. h6 Rc3 68. g5 Rb3 69. Kg4 Rc3 70. g6 Rc4+ 71. Kf5 Rc8 72. Rxa3 Rb8
73. Ra6 Rc8 74. Rd6 Re8 75. Kf6 Rf8+ 1-0